[Event "Queenstown op"]
[Site "Queenstown"]
[Date "2009.01.24"]
[Round "10"]
[White "Nyberg, Michael"]
[Black "Post, Martin J"]
[Result "0-1"]
[WhiteElo "1969"]
[BlackElo "2094"]
[PlyCount "90"]
[EventDate "2009.01.15"]
[EventType "swiss"]
[EventRounds "10"]
[EventCountry "NZL"]
[SourceTitle "CBM 128 Extra"]
[Source "ChessBase"]
[SourceDate "2009.03.05"]
[SourceVersion "2"]
[SourceVersionDate "2009.03.25"]
[SourceQuality "1"]

1. e4 c5 2. Nc3 e6 3. g3 Nc6 4. Bg2 Nge7 5. b3 d5 6. exd5 exd5 7. Bb2 Bf5 8. Nf3 Qd7 9. 0-0 d4 10. Ne2 Ng6 11. d3 0-0-0 12. Re1 Bh3 13. Bxh3 Qxh3 14. Ng5 Qf5 15. Ne4 Nce5 16. f4 Nf3+ 17. Kg2 Nxe1+ 18. Qxe1 Qg4 19. Nf2 Qe6 20. Ng1 Qd5+ 21. Nf3 Bd6 22. Qa5 Bxf4 23. Ne4 Bc7 24. Qxa7 Rhe8 25. Qa8+ Bb8 26. Qa5 f5 27. Qxc5+ Qxc5 28. Nxc5 Re2+ 29. Kf1 Rxc2 30. Bxd4 Rxd4 31. Nxd4 Rxc5 32. Ne6 Rc2 33. Kg1 Ba7+ 34. Kh1 Ne5 35. Rf1 Ng4 36. d4 Rxh2+ 37. Kg1 Re2 38. Rc1+ Kd7 39. Nf8+ Ke7 40. Nxh7 Bxd4+ 41. Kf1 Rf2+ 42. Ke1 Be3 43. Rc7+ Kd6 44. Rxg7 Bd2+ 45. Kd1 Ne3# 0-1

[Event "Queenstown op"]
[Site "Queenstown"]
[Date "2009.01.22"]
[Round "8"]
[White "Zulfic, Fedja"]
[Black "Post, Martin J"]
[Result "1-0"]
[WhiteElo "1956"]
[BlackElo "2094"]
[PlyCount "71"]
[EventDate "2009.01.15"]
[EventType "swiss"]
[EventRounds "10"]
[EventCountry "NZL"]
[SourceTitle "CBM 128 Extra"]
[Source "ChessBase"]
[SourceDate "2009.03.05"]
[SourceVersion "2"]
[SourceVersionDate "2009.03.25"]
[SourceQuality "1"]

1. c4 Nf6 2. Nc3 g6 3. g3 Bg7 4. Bg2 c6 5. e3 0-0 6. Nge2 d6 7. 0-0 e5 8. d3 Be6 9. Rb1 d5 10. cxd5 Nxd5 11. d4 Nxc3 12. bxc3 Qc7 13. a4 Rd8 14. Qc2 Na6 15. Ba3 Bc4 16. Rb2 Rab8 17. Rfb1 b5 18. Nc1 f5 19. Bf1 Qf7 20. Bxc4 Qxc4 21. Qb3 Qxb3 22. Nxb3 exd4 23. exd4 Rbc8 24. axb5 cxb5 25. Nc5 Nxc5 26. Bxc5 a6 27. Ra2 Rc6 28. Rba1 Ra8 29. Ra5 Rac8 30. Rxa6 Rxc5 31. dxc5 Bxc3 32. Ra8 Bxa1 33. Rxc8+ Kf7 34. c6 Ke6 35. c7 Kd7 36. Ra8 1-0